Ecological effects of wastewater : (Record no. 330195)

000 -LEADER
fixed length control field 01101pam a2200277 a 4500
001 - CONTROL NUMBER
control field 3922709
003 - CONTROL NUMBER IDENTIFIER
control field NUST
005 - DATE AND TIME OF LATEST TRANSACTION
control field 20170613120324.0
008 - FIXED-LENGTH DATA ELEMENTS--GENERAL INFORMATION
fixed length control field 920416s1992 enka b 001 0 eng
010 ## - LIBRARY OF CONGRESS CONTROL NUMBER
LC control number 92016060
020 ## - INTERNATIONAL STANDARD BOOK NUMBER
International Standard Book Number 041234940X
040 ## - CATALOGING SOURCE
Original cataloging agency DLC
Transcribing agency DLC
Modifying agency DLC
050 00 - LIBRARY OF CONGRESS CALL NUMBER
Classification number QH545.S49
Item number W44 1992
082 00 - DEWEY DECIMAL CLASSIFICATION NUMBER
Classification number 574.5263 WEL
Edition number 20
100 1# - MAIN ENTRY--PERSONAL NAME
Personal name Welch, E. B.
Fuller form of name (Eugene B.)
9 (RLIN) 2541
245 10 - TITLE STATEMENT
Title Ecological effects of wastewater :
Remainder of title applied limnology and pollution effects /
Statement of responsibility, etc. E.B. Welch, T. Lindell.
250 ## - EDITION STATEMENT
Edition statement 2nd ed.
260 ## - PUBLICATION, DISTRIBUTION, ETC.
Place of publication, distribution, etc. London ;
-- New York :
Name of publisher, distributor, etc. E & FN Spon,
Date of publication, distribution, etc. 1992.
300 ## - PHYSICAL DESCRIPTION
Extent x, 425 p. :
Other physical details ill. ;
Dimensions 25 cm.
500 ## - GENERAL NOTE
General note H.B
504 ## - BIBLIOGRAPHY, ETC. NOTE
Bibliography, etc. note Includes bibliographical references (p. [381]-414) and index.
650 #0 - SUBJECT ADDED ENTRY--TOPICAL TERM
Topical term or geographic name entry element Sewage disposal in rivers, lakes, etc.
General subdivision Environmental aspects.
9 (RLIN) 2544
650 #0 - SUBJECT ADDED ENTRY--TOPICAL TERM
Topical term or geographic name entry element Water
General subdivision Pollution.
9 (RLIN) 2539
700 1# - ADDED ENTRY--PERSONAL NAME
Personal name Lindell, T.
9 (RLIN) 2543
906 ## - LOCAL DATA ELEMENT F, LDF (RLIN)
a 7
b cbc
c orignew
d 1
e ocip
f 19
g y-gencatlg
942 ## - ADDED ENTRY ELEMENTS (KOHA)
Source of classification or shelving scheme
Koha item type Book
Call number prefix IESE
Holdings
Withdrawn status Lost status Source of classification or shelving scheme Damaged status Not for loan Collection code Permanent Location Current Location Shelving location Date acquired Total Checkouts Full call number Barcode Date last seen Price effective from Koha item type
            Central Library (CL) Central Library (CL) General Stacks 06/13/2017   574.5263 WEL IESE-184 06/13/2017 06/13/2017 Book
            Institute of Environmental Science and Engineering (IESE) Institute of Environmental Science and Engineering (IESE) General Stacks 06/13/2017   574.5263 WEL IESE-194 06/13/2017 06/13/2017 Book
© 2023 Central Library, National University of Sciences and Technology. All Rights Reserved.